000 00476nam a22001697a 4500
003 NUST - PNEC
005 20170116181004.0
008 150912b xxu||||| |||| 00| 0 eng d
020 _a0890061750
040 _cLIBRARY
082 _a621.380283 POZ
100 _99717
_aPozar, David M.
245 _aAntenna design using personal computers
_cDavid M. Pozar
260 _cc.1985
650 _99719
_aAntennas (Electronics)--Computer-aided design
_xMIS, EL
942 _2ddc
_cBK
999 _c66830
_d66830